000
00224nam a2200097Ia 4500
005
20251222114417.0
008
251222s1900||||xx |||||||||||||| ||spa||
082
_a
DVD0060/N45/1998
245
0
_a
Yom Yom:Día a día
942
_c
DVD
999
_c
2267
_d
2267